[Event "1994/95 Cepacol Australian Open"]
[Site "Kings Perth Hotel"]
[Date "1995.01.08"]
[Round "9"]
[White "Fletcher, Ted"]
[Black "Lamberts, Gunars"]
[Result "1-0"]
[WhiteElo "1626"]
[BlackElo "1484"]

1.Nf3 d5 2.g3 Nf6 3.Bg2 e6 4.O-O Bd6 5.c4 c6 6.b3 O-O 7.Bb2 Nbd7 8.d4 Re8 
9.Nc3 dxc4 10.bxc4 e5 11.d5 cxd5 12.cxd5 a6 13.a4 Nb6 14.Qb3 Nbd7 15.Nd2 
Nc5 16.Qc2 Bd7 17.Nde4 Ncxe4 18.Nxe4 Nxe4 19.Bxe4 h6 20.Qb3 b5 21.axb5 
Bxb5 22.Qe3 Qe7 23.Ba3 Rec8 24.Bxd6 Qxd6 25.Ra5 Rc5 26.Rfa1 Rac8 27.Bf5 
R8c7 28.Bd3 Rxd5 29.Rxb5 Rxd3 30.Rb8+ Kh7 31.Qxd3+ Qxd3 32.exd3 Rd7 33.Ra3
f5 34.Rb6 e4 35.dxe4 fxe4 36.Rbxa6 Rd1+ 37.Kg2 h5 38.h4 g6 39.Re3 Kh6 40.
Rxe4 Rd2 41.Ree6 1-0

[Event "1994/95 Cepacol Australian Open"]
[Site "Kings Perth Hotel"]
[Date "1995.01.08"]
[Round "9"]
[White "Kazemi, Houshang"]
[Black "Anton, Bernard"]
[Result "0-1"]
[WhiteElo "1314"]
[BlackElo "1540"]

1.f4 d5 2.Nf3 Nf6 3.b3 e6 4.Bb2 c5 5.e3 a6 6.Be2 Nc6 7.Ne5 Qc7 8.O-O Be7 
9.a4 b6 10.Rf3 Bb7 11.Qf1 d4 12.Bd3 Nxe5 13.Rg3 Nxd3 14.cxd3 O-O 15.e4 Nh5
16.Rg4 f5 17.Rxg7+ Nxg7 18.e5 Qc6 19.Na3 Nh5 20.Qf2 Kh8 21.Kf1 Rg8 22.g3 
Rg6 23.Ke1 Rag8 24.Kd1 Nxg3 25.Kc2 Ne4 26.Qf3 Qe8 27.Qh5 Nxd2 28.Bc1 Ne4 
29.Qd1 Rg2+ 30.Bd2 Rxd2+ 31.Qxd2 Nxd2 32.Kxd2 Rg2+ 33.Kc1 Qh5 0-1

[Event "1994/95 Cepacol Australian Open"]
[Site "Kings Perth Hotel"]
[Date "1995.01.09"]
[Round "10"]
[White "Wohl, Aleksandar H"]
[Black "Low, Sam"]
[Result "1/2-1/2"]
[WhiteElo "2305"]
[BlackElo "1852"]

1.e4 c5 2.b3 Nc6 3.Bb2 d6 4.f4 e5 5.Nf3 Bg4 6.fxe5 dxe5 7.Bb5 Qb6 8.Nc3 
Nf6 9.a4 a6 10.a5 Qc7 11.Ba4 O-O-O 12.Bxc6 Qxc6 13.Qe2 Bd6 14.O-O Nd7 15.
Nd5 f5 16.Qc4 Bxf3 17.Rxf3 f4 18.Rc3 Kb8 19.Qe2 Nf6 20.Nxf6 gxf6 21.b4 Rc8
22.bxc5 Bxc5+ 23.Kh1 Qe6 24.Rb3 h5 25.Rb1 Rc7 26.d4 exd4 27.Bc1 Re7 28.
Bxf4+ Ka7 29.h3 Rhh7 30.Qf3 h4 31.Bh2 Qxe4 32.Rxb7+ Rxb7 33.Qxe4 Rxb1+ 34.
Bg1 Re7 35.Qc6 Re5 36.Kh2 Rxg1 37.Kxg1 d3+ 38.Kf1 dxc2 39.Qc7+ Ka8 40.Qc8+
Ka7 41.Qd7+ Kb8 42.Qd8+ 1/2-1/2

[Event "1994/95 Cepacol Australian Open"]
[Site "Kings Perth Hotel"]
[Date "1995.01.09"]
[Round "10"]
[White "Dinh Duc Trong"]
[Black "Byrne, Stewart"]
[Result "1-0"]
[WhiteElo "2200"]
[BlackElo "2175"]

1.c4 Nf6 2.g3 c6 3.Nf3 d5 4.b3 Bf5 5.Bb2 e6 6.Bg2 Nbd7 7.O-O Bd6 8.d3 O-O 
9.Nbd2 e5 10.cxd5 cxd5 11.e4 dxe4 12.Nxe4 Bxe4 13.dxe4 Qe7 14.Nd2 Nb6 15.
Nb1 Rfd8 16.Qe2 Bc5 17.Nc3 Bd4 18.Rac1 a6 19.Rc2 Qd6 20.Rfc1 Rac8 21.Bh3 
Rc6 22.Nd1 Rxc2 23.Qxc2 Bxb2 24.Nxb2 h6 25.Rd1 Qe7 26.Rxd8+ Qxd8 27.Qc5 
Nbd7 28.Qd6 Qb6 29.Nc4 Qxd6 30.Nxd6 b6 31.Bf1 a5 32.Bc4 Kf8 33.f3 Ke7 34.
Nf5+ Kf8 35.a4 Ne8 36.g4 Nc5 37.Kf2 Nc7 38.Nd6 N7e6 39.Nc8 Nd4 40.Nxb6 f6 
41.Ke3 Ke7 42.Bd5 g5 43.Bc4 Kd6 44.Nd5 Nd7 45.Bb5 Nxb5 46.axb5 Kc5 47.b6 
Nxb6 48.Nxf6 Kb4 49.Nd5+ Kc5 50.Ne7 Nd7 51.Kd3 Kb4 52.Kc2 Nb8 53.Kb2 Nd7 
54.Nd5+ Kb5 55.Kc3 Nf8 56.Ne7 Ne6 57.Ng6 Nd4 58.Nxe5 Ne2+ 59.Kd3 Nc1+ 60.
Kc2 Ne2 61.Kb2 Nd4 62.h3 Kc5 63.Ka3 Kb5 64.Nf7 Nxf3 65.Nxh6 Ng1 66.e5 Nxh3
67.e6 Kc6 68.Nf7 Nf2 69.Nxg5 Nxg4 70.Ka4 Nf6 71.Kxa5 Nd5 72.Ka4 Ne7 73.Kb4
Kb6 74.Kc4 Kc6 75.b4 Kd6 76.b5 Nd5 77.Kb3 Kc5 78.Ne4+ Kb6 79.Kc4 Nc7 80.e7
Ne8 81.Kd5 Nc7+ 82.Kc4 Ne8 83.Nc3 Kc7 84.Kc5 Kd7 85.Nd5 Nd6 86.b6 Nb7+ 87.
Kb5 Nd6+ 88.Ka6 Kc8 89.Nf6 1-0

[Event "1994/95 Cepacol Australian Open"]
[Site "Kings Perth Hotel"]
[Date "1995.01.09"]
[Round "10"]
[White "Ellis, David"]
[Black "Salter, Michael"]
[Result "1/2-1/2"]
[WhiteElo "1943"]
[BlackElo "1883"]

1.Nf3 Nf6 2.g3 d5 3.c4 c6 4.b3 Bf5 5.Bg2 e6 6.O-O Nbd7 7.Bb2 Bd6 8.d3 Qc7 
9.Nbd2 O-O 10.Rc1 Qb8 11.Re1 Bg4 12.Qc2 a5 13.a3 Re8 14.e4 dxe4 15.dxe4 e5
16.Nf1 Bxf3 17.Bxf3 Bc5 18.Red1 Nf8 1/2-1/2

[Event "1994/95 Cepacol Australian Open"]
[Site "Kings Perth Hotel"]
[Date "1995.01.09"]
[Round "10"]
[White "Teh, Eu-Jin"]
[Black "Hirschhorn, Jeremy"]
[Result "1/2-1/2"]
[WhiteElo "1862"]
[BlackElo "1987"]

1.e4 c5 2.Nf3 Nc6 3.d4 cxd4 4.Nxd4 Nf6 5.Nc3 e5 6.Ndb5 d6 7.Bg5 a6 8.Na3 
b5 9.Bxf6 gxf6 10.Nd5 f5 11.Bd3 Be6 12.Qh5 Bg7 13.c3 f4 14.Nc2 Rb8 15.g3 
Bxd5 16.exd5 Ne7 17.Qg5 Ng6 18.Qxd8+ Kxd8 19.Nb4 Rb6 20.a4 Ke7 21.a5 Rb7 
22.Nxa6 Kd7 23.Nb4 e4 24.Be2 f3 25.Bf1 Ne5 26.a6 Rb6 27.Ra5 Nc4 28.Bxc4 
bxc4 29.O-O f5 30.Rfa1 Bh6 31.R5a2 Ra8 32.Re1 Bd2 33.Rd1 e3 34.fxe3 Bxe3+ 
35.Kf1 Bc5 1/2-1/2

[Event "1994/95 Cepacol Australian Open"]
[Site "Kings Perth Hotel"]
[Date "1995.01.09"]
[Round "10"]
[White "Suryadinata, Henry"]
[Black "Hanks, John N"]
[Result "1-0"]
[WhiteElo "1833"]
[BlackElo "1903"]

1.c4 Nf6 2.g3 c6 3.b3 d5 4.Nf3 Bf5 5.d3 e6 6.Nh4 Bg4 7.h3 Bh5 8.g4 Nfd7 9.
Nf3 Bg6 10.Bf4 Qf6 11.Bxb8 Qxa1 12.Bf4 Bb4+ 13.Nfd2 Qxa2 14.Bg2 Qa5 15.O-O
e5 16.Bg3 O-O 17.Nf3 f6 18.d4 dxc4 19.dxe5 Nxe5 20.Nxe5 fxe5 21.bxc4 Rad8 
22.Qb3 Rfe8 23.h4 Rd4 24.e3 Rd3 25.Qb2 e4 26.h5 Bf7 27.Rc1 Ba3 28.Nxa3 
Qxa3 29.Qb1 Rb3 30.Qc2 Qb2 31.Qd1 Rd3 32.Qf1 Red8 33.Kh2 Qb3 34.Bxe4 Rd1 
35.Rxd1 Qxd1 36.Qg2 Bxc4 37.h6 Bf1 38.Bxh7+ Kh8 39.Qe4 Qd7 40.hxg7+ Kxg7 
41.Qg6+ Kf8 42.Qf6+ Qf7 43.Qxd8+ Kg7 44.Be5+ 1-0

[Event "1994/95 Cepacol Australian Open"]
[Site "Kings Perth Hotel"]
[Date "1995.01.09"]
[Round "10"]
[White "COMP Novag Diamond"]
[Black "Lilly, Richard"]
[Result "1/2-1/2"]
[WhiteElo "2100"]
[BlackElo "1830"]

1.d4 e6 2.c4 Nf6 3.Nf3 b6 4.a3 Bb7 5.Nc3 Be7 6.e3 O-O 7.Bd3 d6 8.O-O Nbd7 
9.e4 h6 10.Qa4 e5 11.Nd5 exd4 12.Nxd4 Nc5 13.Qc2 Re8 14.Nf5 Bf8 15.f3 Nxd3
16.Qxd3 Nd7 17.Rd1 Ne5 18.Qd4 Kh7 19.f4 Nc6 20.Qc3 Bc8 21.Qf3 g6 22.e5 
Bxf5 23.Nf6+ Kh8 24.Qxc6 Re7 25.g4 Bd7 26.Qd5 Be6 27.Qb5 Qc8 28.g5 c6 29.
Qb3 dxe5 30.fxe5 h5 31.Qc3 Bf5 32.Bf4 Rb8 33.e6 Bg7 34.exf7 Rxf7 35.Be5 
Qf8 36.Rd6 Rd8 37.Rxc6 Rd3 38.Qb4 Qa8 39.Qb5 Qd8 40.Re1 Bd7 41.Nxd7 Qxd7 
42.Bxg7+ Rxg7 43.Rce6 Qd4+ 44.Kh1 Qf2 45.R6e2 Qf3+ 1/2-1/2

[Event "1994/95 Cepacol Australian Open"]
[Site "Kings Perth Hotel"]
[Date "1995.01.09"]
[Round "10"]
[White "Dunlop, Gordon"]
[Black "Fitzpatrick, Simon"]
[Result "0-1"]
[WhiteElo "1783"]
[BlackElo "2020"]

1.e4 Nf6 2.e5 Nd5 3.d4 d6 4.c4 Nb6 5.Nf3 dxe5 6.dxe5 Qxd1+ 7.Kxd1 Bg4 8.b3
Nc6 9.Bb2 O-O-O+ 10.Ke2 Nd7 11.e6 Bxe6 12.Ng5 Bg4+ 13.f3 Bh5 14.g4 Bg6 15.
h4 h6 16.Nh3 e5 17.Nc3 Nd4+ 18.Kf2 Bc5 19.Na4 Nxb3+ 0-1

[Event "1994/95 Cepacol Australian Open"]
[Site "Kings Perth Hotel"]
[Date "1995.01.09"]
[Round "10"]
[White "Dix, Peter"]
[Black "Wastell, Gary"]
[Result "0-1"]
[WhiteElo "1787"]
[BlackElo "1864"]

1.e4 c5 2.Nf3 e6 3.d3 d5 4.Nbd2 Nc6 5.g3 Bd6 6.Bg2 Nge7 7.O-O O-O 8.Nh4 
Be5 9.f4 Bd4+ 10.Kh1 dxe4 11.dxe4 e5 12.c3 Be3 13.Qe2 exf4 14.gxf4 Bxd2 
15.Bxd2 Ng6 16.Nf3 Bg4 17.Qf2 Qd3 18.Ne1 Qd7 19.Be3 b6 20.Qg3 f6 21.Rf2 
Bh5 22.Nc2 Rad8 23.Rg1 Qc7 24.Bf1 Rfe8 25.Qh3 Rxe4 26.Qxh5 Nxf4 27.Qg4 Ne5
28.Qg3 Nh5 29.Qh3 Qf7 30.Bg2 Rg4 31.Rd2 Rxd2 32.Bxd2 g6 33.Ne3 Nf4 34.Qxg4
Nxg4 35.Nxg4 Ne6 36.Re1 Kf8 0-1

[Event "1994/95 Cepacol Australian Open"]
[Site "Kings Perth Hotel"]
[Date "1995.01.09"]
[Round "10"]
[White "Teh, Sulyn"]
[Black "Field, Jason"]
[Result "1/2-1/2"]
[WhiteElo "1531"]
[BlackElo "1786"]

1.e4 e6 2.d4 d5 3.Nd2 c5 4.exd5 exd5 5.Ngf3 a6 6.dxc5 Bxc5 7.Nb3 Ba7 8.Be2
h6 9.O-O Nf6 10.Nbd4 O-O 11.c3 Nc6 12.Re1 Ne4 13.Be3 Bg4 14.Qd3 Bxf3 15.
Nxf3 Bxe3 16.Qxe3 Re8 17.Rad1 Qa5 18.a3 Re7 19.Qc1 Qb6 20.Nd4 Ne5 21.f3 
Nd6 22.Kh1 Rae8 23.Bf1 a5 24.a4 Nec4 25.Bxc4 Nxc4 26.Nf5 Rxe1+ 27.Rxe1 
Rxe1+ 28.Qxe1 Qe6 29.Qxe6 fxe6 30.b3 exf5 31.bxc4 dxc4 32.Kg1 Kf7 33.Kf2 
f4 34.Ke2 Ke6 35.Kd2 Kd5 36.Kc2 Kc5 37.Kb2 g5 38.h3 h5 39.Ka2 Kd5 40.Kb2 
Ke5 41.Kc2 1/2-1/2

[Event "1994/95 Cepacol Australian Open"]
[Site "Kings Perth Hotel"]
[Date "1995.01.09"]
[Round "10"]
[White "Silas, Frank"]
[Black "Chai, Patrick"]
[Result "1-0"]
[WhiteElo "1780"]
[BlackElo "1632"]

1.e4 e6 2.d3 d5 3.exd5 exd5 4.g3 Nf6 5.Bg5 Be7 6.Bg2 c6 7.Nf3 O-O 8.O-O 
Bg4 9.h3 Bd7 10.c4 Qc8 11.Kh2 h6 12.Bd2 Na6 13.Nc3 Nc7 14.Rc1 Bf5 15.cxd5 
Nfxd5 16.Nxd5 Nxd5 17.Re1 Bf6 18.d4 Qd8 19.Qb3 Qb6 20.Qxb6 Nxb6 21.Ne5 
Rad8 22.Bc3 Rfe8 23.f4 Be6 24.a3 Bd5 25.Ng4 Be7 26.Rc2 Bd6 27.Rce2 Rxe2 
28.Rxe2 Kf8 29.Ne5 Bxg2 30.Kxg2 Be7 31.Kf3 Na4 32.Nc4 f6 33.Ke3 Nxc3 34.
bxc3 c5 35.a4 cxd4+ 36.cxd4 Bb4 37.Rc2 Rd7 38.Ke4 b6 39.Ne3 Re7+ 40.Kf3 
Rd7 41.Ke4 Re7+ 42.Kf3 Rd7 43.Rc4 Be7 44.f5 Kf7 45.g4 Ba3 46.Ke4 Re7+ 47.
Kd3 Rd7 48.Ng2 Bd6 49.Nh4 Bg3 50.Ng6 Rc7 51.Rxc7+ Bxc7 52.Kc4 a6 53.Kd5 
Ke8 54.Kc6 Bd8 55.Nf4 1-0

[Event "1994/95 Cepacol Australian Open"]
[Site "Kings Perth Hotel"]
[Date "1995.01.09"]
[Round "10"]
[White "Chambers, Matthew"]
[Black "Macey, Daniel"]
[Result "1/2-1/2"]
[WhiteElo "1750"]
[BlackElo "1586"]

1.d4 Nf6 2.c4 c5 3.Nf3 cxd4 4.Nxd4 Nc6 5.Nc3 g6 6.e4 Bg7 7.f3 Qb6 8.Be3 
Qd8 9.Qd2 a6 10.Be2 d6 11.Nd5 Nxd5 12.cxd5 Nxd4 13.Bxd4 Bxd4 14.Qxd4 O-O 
15.h4 h6 16.Qe3 Kg7 17.f4 Qa5+ 18.Kf2 f6 19.g4 Bd7 20.f5 g5 21.hxg5 hxg5 
22.Rh5 Qc5 23.Rah1 Rh8 24.Rxh8 Rxh8 25.Rxh8 Kxh8 26.a3 1/2-1/2

[Event "1994/95 Cepacol Australian Open"]
[Site "Kings Perth Hotel"]
[Date "1995.01.09"]
[Round "10"]
[White "Jahangirian, Mohammad"]
[Black "Paxman, Jonathan"]
[Result "1-0"]
[WhiteElo "1729"]
[BlackElo "1612"]

1.e4 e6 2.d4 d5 3.Nd2 Nf6 4.e5 Nfd7 5.Bd3 c5 6.c3 Nc6 7.Ne2 Qb6 8.Nf3 cxd4
9.cxd4 f6 10.exf6 Nxf6 11.O-O Bd6 12.Re1 Qc7 13.Ng3 O-O 14.Bd2 Bd7 15.a3 
Rae8 16.Bc3 e5 17.dxe5 Nxe5 18.Bxe5 Bxe5 19.Rc1 Bc6 20.b4 Bxg3 21.hxg3 Qd7
22.Qd2 a6 23.Ne5 Qc7 24.f4 Qb6+ 25.Kh2 Rxe5 26.fxe5 Ng4+ 27.Kh1 Nf2+ 28.
Kh2 Ng4+ 29.Kh1 Bb5 30.Rf1 Rxf1+ 31.Bxf1 Nf2+ 32.Kh2 Ng4+ 33.Kh3 Qe6 34.
Bxb5 Nxe5+ 35.Kh2 axb5 36.Kg1 Nc4 37.Qf4 Qb6+ 38.Kf1 h6 39.Re1 Qf6 40.Qxf6
gxf6 41.Re7 b6 42.Rb7 Nxa3 43.Rxb6 Kf7 44.Ke2 Kg6 45.Kd3 Kf5 46.Rb8 Kg4 
47.Rg8+ Kf5 48.Ra8 Nc4 49.Kd4 Kg4 50.Rg8+ Kf5 51.Kxd5 1-0

[Event "1994/95 Cepacol Australian Open"]
[Site "Kings Perth Hotel"]
[Date "1995.01.09"]
[Round "10"]
[White "Stojkovski, Vlade"]
[Black "Shaw, Robin"]
[Result "0-1"]
[WhiteElo "1561"]
[BlackElo "1725"]

1.e4 c5 2.Nc3 Nc6 3.Nf3 e5 4.Bb5 d6 5.Nd5 a6 6.Bxc6+ bxc6 7.Ne3 g6 8.O-O 
Bg7 9.d3 Ne7 10.b3 O-O 11.Bb2 h6 12.Nd2 d5 13.f4 f6 14.fxe5 fxe5 15.Qe2 
Qc7 16.a4 Be6 17.Ba3 Qa7 18.Kh1 Rab8 19.Rac1 Kh7 20.Rce1 Ng8 21.Nf3 d4 22.
Nc4 Bxc4 23.dxc4 Qe7 24.Qd2 Rfd8 25.Qa5 d3 26.Bxc5 Qb7 27.Qc3 dxc2 28.b4 
a5 29.b5 cxb5 30.axb5 Rbc8 31.Ba3 Qxb5 32.c5 Rd3 33.Qb2 Qxb2 34.Bxb2 Rxc5 
35.Rc1 a4 36.Ne1 Rd1 37.Nf3 Rd3 38.Ne1 Rd1 39.Kg1 Rb5 40.Ba3 Rxc1 41.Bxc1 
Rc5 42.Rf2 Nf6 43.Re2 Rc4 44.Kf1 Nxe4 45.Nxc2 Nc5 46.g3 e4 47.Ba3 Nd3 48.
Ne3 Rc3 49.Ra2 Nc1 50.Bxc1 Rxc1+ 51.Ke2 Ra1 52.Rxa1 Bxa1 53.Kd2 Bd4 54.Nc2
e3+ 55.Kd3 Bc5 56.Kc3 Kg7 57.Ne1 e2 58.Kd3 Bb4 59.Kxe2 Bxe1 60.Kxe1 a3 0-1

[Event "1994/95 Cepacol Australian Open"]
[Site "Kings Perth Hotel"]
[Date "1995.01.09"]
[Round "10"]
[White "Stubbs, Mike"]
[Black "Dwyer, Daniel"]
[Result "0-1"]
[WhiteElo "1588"]
[BlackElo "1718"]

1.Nf3 f5 2.d4 Nf6 3.c4 g6 4.Nc3 Bg7 5.g3 O-O 6.Bg2 d6 7.O-O c6 8.Re1 Na6 
9.e4 fxe4 10.Nxe4 Nxe4 11.Rxe4 Bf5 12.Re2 Bg4 13.Re4 Qd7 14.Qb3 e5 15.c5+ 
Be6 16.Bh3 Bxb3 17.Bxd7 Bd5 18.Ng5 Bxe4 19.Be6+ Kh8 20.Nxe4 Nc7 21.Ng5 d5 
22.dxe5 Bxe5 23.Be3 h6 24.Nf7+ Rxf7 25.Bxf7 Kg7 26.f4 Bf6 27.Bxg6 Kxg6 28.
f5+ Kxf5 29.Rf1+ Kg6 30.Kg2 Bg5 31.Bf2 Re8 32.h4 Be3 33.g4 Bxf2 34.Rxf2 
Re4 35.Kg3 Rc4 36.h5+ Kg7 37.Rf5 Ne6 38.Re5 Re4 39.Rf5 Nxc5 40.g5 hxg5 41.
Rxg5+ Kh6 0-1

[Event "1994/95 Cepacol Australian Open"]
[Site "Kings Perth Hotel"]
[Date "1995.01.09"]
[Round "10"]
[White "Van Rooy, Andrew"]
[Black "Fonteneau, Andrew"]
[Result "1-0"]
[WhiteElo "1676"]
[BlackElo "1482"]

1.Nf3 c5 2.g3 g6 3.Bg2 Bg7 4.O-O Nf6 5.c4 O-O 6.Nc3 Nc6 7.d3 d6 8.Rb1 Bd7 
9.a3 Qc8 10.Re1 Bh3 11.Bh1 Rb8 12.b4 Nd7 13.Bd2 Nde5 14.Qa4 Nxf3+ 15.Bxf3 
Bd7 16.Bg2 a6 17.Nd5 Re8 18.Nb6 Qc7 19.bxc5 dxc5 20.Bf4 e5 21.Be3 Bf8 22.
Nxd7 Qxd7 23.Rb6 Rec8 24.Reb1 Qc7 25.Bxc6 bxc6 26.Rxb8 Rxb8 27.Rxb8 Qxb8 
28.Qxa6 Qb2 29.Qc8 Kg7 30.Bh6+ Kxh6 31.Qxf8+ Kh5 32.Qxf7 Kh6 33.Qf8+ Kh5 
34.Qf3+ Kh6 35.a4 Qa1+ 36.Kg2 Qxa4 37.Qe3+ 1-0

[Event "1994/95 Cepacol Australian Open"]
[Site "Kings Perth Hotel"]
[Date "1995.01.09"]
[Round "10"]
[White "Anderson-Smith, William"]
[Black "Baumgartner, Robert"]
[Result "0-1"]
[WhiteElo "1556"]
[BlackElo "1657"]

1.d4 Nf6 2.c4 e5 3.dxe5 Ng4 4.Bf4 Bb4+ 5.Nd2 Nc6 6.Nf3 Qe7 7.a3 Bxd2+ 8.
Qxd2 Ngxe5 9.Nxe5 Nxe5 10.e3 O-O 11.Be2 d6 12.O-O b6 13.Rad1 Bb7 14.Bg3 
Rad8 15.f4 Nd7 16.b4 Rfe8 17.Bf3 Bxf3 18.Rxf3 f5 19.Bf2 Qf7 20.Qd5 Re4 21.
Qxf7+ Kxf7 22.Rd4 Rde8 23.h3 a6 24.Kh2 Nf6 25.Bg1 d5 26.c5 bxc5 27.bxc5 
Rb8 28.Rf1 Rb3 29.Ra1 Rc3 30.Rb4 Rxc5 31.Rb7 Ke7 32.a4 Kd7 33.Ra7 Ra5 34.
Rc1 Rc4 35.Rb1 Raxa4 36.Rbb7 Ne8 37.Rb8 Rcb4 38.Rxb4 Rxb4 39.Rxa6 Rb2 40.
Ra3 Kc6 41.Ra5 Nf6 42.Ra3 Ne4 43.Ra6+ Kb7 44.Re6 Nf6 45.Re7 g6 46.Rf7 Ne4 
47.Rxh7 Rb6 48.Rg7 Rd6 49.g4 Kb6 50.gxf5 gxf5 51.h4 c5 52.h5 c4 53.Rg2 c3 
54.Rc2 Rc6 55.Kg2 Kb5 56.Bf2 Kc4 57.Be1 Kb3 58.Rxc3+ Nxc3 59.Bxc3 Kxc3 60.
Kh3 Kd3 61.Kh4 Kxe3 62.Kg5 Ke4 63.h6 Rxh6 0-1

[Event "1994/95 Cepacol Australian Open"]
[Site "Kings Perth Hotel"]
[Date "1995.01.09"]
[Round "10"]
[White "Pike, David"]
[Black "List, Ross"]
[Result "0-1"]
[WhiteElo "1435"]
[BlackElo "1651"]

1.e4 e6 2.d4 d5 3.Nc3 Nf6 4.Bg5 Bb4 5.e5 h6 6.Be3 Bxc3+ 7.bxc3 Ne4 8.Qg4 
Kf8 9.Bd3 Nxc3 10.Nf3 c5 11.dxc5 Qa5 12.O-O Nd7 13.Bd2 Qa4 14.Nd4 Nxe5 15.
Qf4 Nxd3 16.Qd6+ Ke8 17.Bxc3 Nb4 18.Bxb4 Qxb4 19.Nc6 Qh4 20.Na5 Qd8 21.
Qxd8+ Kxd8 22.Rfb1 Kc7 23.Rb2 b6 24.cxb6+ axb6 25.Nb3 e5 26.Nd2 Be6 27.Nf3
f6 28.Re1 d4 29.Nxd4 Bxa2 30.Nb5+ Kc6 31.c4 Ra5 32.Rc1 Kc5 33.Rbc2 Bxc4 
34.Nc7 b5 35.Nxb5 Rxb5 36.Rxc4+ Kd5 37.R4c2 Rhb8 38.g3 Rb1 39.Rxb1 Rxb1+ 
40.Kg2 Rb7 41.f3 f5 42.Rd2+ Ke6 43.h4 g5 44.h5 g4 45.Rd8 Rb2+ 46.Kf1 gxf3 
47.Rh8 e4 48.Rxh6+ Kf7 49.Rc6 e3 50.h6 Rb1+ 0-1

[Event "1994/95 Cepacol Australian Open"]
[Site "Kings Perth Hotel"]
[Date "1995.01.09"]
[Round "10"]
[White "Haasse, Adam"]
[Black "Tindall, Brett"]
[Result "1/2-1/2"]
[WhiteElo "1659"]
[BlackElo "1851"]

1.e4 c5 2.Nf3 Nc6 3.d4 cxd4 4.Nxd4 Nf6 5.Nc3 e6 6.Be2 Bb4 7.Nxc6 bxc6 8.
Qd3 O-O 9.O-O d5 10.e5 Nd7 11.Qg3 Qc7 12.Bf4 a5 13.a3 Bxc3 14.bxc3 Ba6 15.
Bxa6 Rxa6 16.Rab1 Nb6 17.Be3 c5 18.Rb5 Na4 19.Qg4 c4 20.Qd4 Rb8 1/2-1/2

[Event "1994/95 Cepacol Australian Open"]
[Site "Kings Perth Hotel"]
[Date "1995.01.09"]
[Round "10"]
[White "Elkington, Derek"]
[Black "Klimenko, Veronica"]
[Result "1-0"]
[WhiteElo "1507"]
[BlackElo "1722"]

1.e4 e6 2.d4 d5 3.e5 c5 4.c3 Nc6 5.Nf3 Qb6 6.Bd3 cxd4 7.cxd4 Bb4+ 8.Nc3 
Bd7 9.Be3 Nge7 10.O-O Bxc3 11.bxc3 O-O 12.Rb1 Qc7 13.Bxh7+ Kxh7 14.Ng5+ 
Kg8 15.Qh5 Rfb8 16.Qh7+ Kf8 17.Qh8+ Ng8 18.Nh7+ Ke7 19.Bg5+ Nf6 20.Qxg7 
Be8 21.Nxf6 1-0

[Event "1994/95 Cepacol Australian Open"]
[Site "Kings Perth Hotel"]
[Date "1995.01.09"]
[Round "10"]
[White "Stannard, Vernon"]
[Black "Chevor, Adam"]
[Result "1-0"]
[WhiteElo "1639"]
[BlackElo "1283"]

1.e4 e6 2.d4 d5 3.Nd2 Nf6 4.e5 Nfd7 5.Bd3 c5 6.c3 Nc6 7.Ne2 b6 8.O-O Bb7 
9.Nf3 Be7 10.Re1 Rc8 11.a3 Qc7 12.b4 c4 13.Bb1 b5 14.h3 a5 15.Nh2 a4 16.
Nf4 g5 17.Nh5 h6 18.f4 f5 19.exf6 Nxf6 20.Ng7+ Kd7 21.Nxe6 Qd6 22.Bf5 Rhg8
23.fxg5 hxg5 24.Ra2 Ne4 25.Nc5+ Kc7 26.Bxe4 dxe4 27.Nxb7 Kxb7 28.Rxe4 g4 
29.Rxg4 Ne5 30.Rxg8 Rxg8 31.Bf4 Bf6 32.Bxe5 Bxe5 33.Qf3+ Kb6 34.dxe5 Qxe5 
1-0

[Event "1994/95 Cepacol Australian Open"]
[Site "Kings Perth Hotel"]
[Date "1995.01.09"]
[Round "10"]
[White "Cordover, David"]
[Black "Ninchich, Milan"]
[Result "1/2-1/2"]
[WhiteElo "1688"]
[BlackElo "1563"]

1.c4 c5 2.Nc3 Nc6 3.g3 e6 4.Bg2 Nf6 5.e4 d6 6.d3 Be7 7.Nge2 O-O 8.O-O Nd7 
9.f4 Nd4 10.Nxd4 cxd4 11.Ne2 e5 12.f5 Bg5 13.h4 Bxc1 14.Rxc1 Nf6 15.Bh3 
Qb6 16.Rb1 Bd7 17.g4 Bc6 18.Ng3 Qd8 19.Kh2 b5 20.g5 Ne8 21.b3 bxc4 22.bxc4
Rb8 23.Rg1 Rxb1 24.Qxb1 Qa5 25.Rg2 Qd8 26.Qd1 f6 27.Nh5 Qe7 28.gxf6 Rxf6 
29.Nxf6+ Nxf6 30.h5 h6 31.Rb2 Kh7 32.Bg4 Be8 33.Kg3 Qc7 34.Qd2 Qe7 35.Qd1 
1/2-1/2

[Event "1994/95 Cepacol Australian Open"]
[Site "Kings Perth Hotel"]
[Date "1995.01.10"]
[Round "10"]
[White "Kueh, Michael"]
[Black "Charlie Andrews"]
[Result "1-0"]
[WhiteElo "1677"]
[BlackElo "1577"]

1.b3 Nf6 2.Bb2 g6 3.g3 Bg7 4.Bg2 O-O 5.e4 d6 6.Ne2 c6 7.O-O Bg4 8.h3 Bd7 
9.d3 Na6 10.Nd2 Qc8 11.Kh2 Ng4+ 12.hxg4 Bxb2 13.Rb1 Bf6 14.f3 Nc7 15.Rh1 
Nb5 16.Qc1 Nd4 17.Nxd4 Bxd4 18.Nf1 Bg7 19.Qg5 f6 20.Qh4 Kf7 21.Ne3 Rh8 22.
f4 h5 23.g5 Qg8 24.Rhf1 e6 25.f5 gxf5 26.exf5 e5 27.g6+ Ke7 28.Rbe1 Kd8 
29.d4 Kc7 30.dxe5 dxe5 31.Rd1 Bh6 32.Qxf6 Re8 33.Qd6+ Kb6 34.Nc4+ Kb5 35.
Qxd7 1-0

[Event "1994/95 Cepacol Australian Open"]
[Site "Kings Perth Hotel"]
[Date "1995.01.09"]
[Round "10"]
[White "Pilgrim, Robert"]
[Black "Egan, William"]
[Result "0-1"]
[WhiteElo "1608"]
[BlackElo "1514"]

1.c4 c5 2.Nc3 Nf6 3.Nf3 d5 4.cxd5 Nxd5 5.e4 Nc7 6.Be2 g6 7.d4 cxd4 8.Qxd4 
Qxd4 9.Nxd4 Bg7 10.Be3 Bd7 11.O-O O-O 12.f4 a6 13.e5 Nc6 14.Bf3 f6 15.exf6
Rxf6 16.Ne4 Nxd4 17.Bxd4 Rxf4 18.Be3 Rff8 19.Rfd1 Bc6 20.Rd2 Rad8 21.Rad1 
Rxd2 22.Rxd2 Ne6 23.b3 Rd8 24.Bg4 Nd4 25.Ng5 e5 26.Ne6 Rd6 27.Nxd4 exd4 
28.Bf4 Rd8 29.Be6+ Kh8 30.Bc7 Re8 31.Bc4 Bh6 32.Rd1 Be3+ 33.Kh1 Kg7 34.Rf1
b5 35.Bd3 Be4 36.Bxe4 Rxe4 37.Rd1 Re7 38.Bb6 Re6 39.Bc7 Kf7 40.g3 Ke7 41.
Ba5 Rc6 42.h4 Rc1 0-1

[Event "1994/95 Cepacol Australian Open"]
[Site "Kings Perth Hotel"]
[Date "1995.01.09"]
[Round "10"]
[White "Lubtschenko, Wally"]
[Black "D'Souza, Betty-Jo"]
[Result "0-1"]
[WhiteElo "1622"]
[BlackElo "1207"]

1.Nf3 Nf6 2.d4 d5 3.Bf4 Nc6 4.e3 e6 5.Bd3 Bd6 6.Bg5 h6 7.Bh4 O-O 8.c3 e5 
9.dxe5 Bxe5 10.Bb5 Re8 11.Nbd2 Bd7 12.Nd4 Nxd4 13.Bxd7 Qxd7 14.cxd4 Bxd4 
15.O-O Bxb2 16.Rb1 Be5 17.Rxb7 Qd6 18.Nf3 Re7 19.Qc2 a6 20.Nxe5 Qxe5 21.
Bg3 Qe4 22.Qc6 Qe6 23.Rxc7 Rxc7 24.Qxc7 Rc8 25.Qa5 Rc2 26.Qa4 Qc6 27.h3 
Qxa4 0-1

[Event "1994/95 Cepacol Australian Open"]
[Site "Kings Perth Hotel"]
[Date "1995.01.09"]
[Round "10"]
[White "McLean, Dougal"]
[Black "Klugman, Matthew"]
[Result "0-1"]
[WhiteElo "1467"]
[BlackElo "1626"]

1.d4 Nf6 2.Nf3 e6 3.Nc3 d5 4.Bd2 c5 5.e3 Nc6 6.a3 a6 7.Be2 Bd6 8.h3 b5 9.
dxc5 Bxc5 10.b4 Bd6 11.O-O O-O 12.Bc1 Bb7 13.Bb2 Rc8 14.Kh1 Qc7 15.Rc1 Ne5
16.Nb1 Nxf3 17.Bxf3 e5 18.Re1 Qe7 19.Nd2 Rfd8 20.Nb3 Ba8 21.c3 Rc4 22.Nd2 
Rh4 23.Kg1 Bc7 24.Qc2 e4 25.Be2 Qe5 26.Nf1 Qg5 27.Kh1 Bb7 28.Red1 Bc8 29.
f4 exf3 30.Bxf3 Bxh3 31.Kg1 Bg4 32.Qf2 Ne4 33.Bxe4 Bxd1 34.Bxh7+ Rxh7 35.
Rxd1 Rd6 36.Qg3 Qh5 37.Rd4 Qh1+ 38.Kf2 Rf6+ 39.Rf4 Bxf4 40.Qxf4 0-1

[Event "1994/95 Cepacol Australian Open"]
[Site "Kings Perth Hotel"]
[Date "1995.01.10"]
[Round "11"]
[White "Suryadinata, Henry"]
[Black "Dinh Duc Trong"]
[Result "0-1"]
[WhiteElo "1833"]
[BlackElo "2200"]

1.c4 g6 2.g3 Bg7 3.Bg2 e5 4.Nc3 d6 5.e3 f5 6.d3 Nf6 7.Nge2 a5 8.Rb1 O-O 9.
a3 c6 10.b4 axb4 11.axb4 Be6 12.b5 Nfd7 13.O-O Qc7 14.bxc6 bxc6 15.Nb5 
cxb5 16.Bxa8 Nb6 17.Bg2 bxc4 18.dxc4 Bxc4 19.Ba3 Rd8 20.Qc2 d5 21.Rfd1 Na6
22.f4 e4 23.Rxb6 Bxe2 24.Qxc7 Nxc7 25.Rd2 d4 26.Rxe2 Nd5 27.Rd6 Rxd6 28.
Bxd6 d3 29.Re1 Bc3 30.Kf2 Bxe1+ 31.Kxe1 Nxe3 32.Bc5 Nxg2+ 33.Kf2 d2 34.Ke2
e3 35.Bb4 h5 36.Bxd2 exd2 37.Kxd2 h4 38.Ke2 h3 0-1

[Event "1994/95 Cepacol Australian Open"]
[Site "Kings Perth Hotel"]
[Date "1995.01.10"]
[Round "11"]
[White "Fitzpatrick, Simon"]
[Black "Wohl, Aleksandar H"]
[Result "0-1"]
[WhiteElo "2020"]
[BlackElo "2305"]

1.d4 Nf6 2.c4 e6 3.g3 Bb4+ 4.Bd2 c5 5.Bxb4 cxb4 6.Bg2 a5 7.a4 O-O 8.Nf3 
Qc7 9.Nbd2 d6 10.O-O e5 11.dxe5 dxe5 12.Qc2 Nc6 13.e3 Bg4 14.b3 Rad8 15.h3
Bh5 16.Nh4 Qd7 17.Ne4 Nxe4 18.Bxe4 Bg6 19.Nxg6 hxg6 20.Kg2 Ne7 21.Rad1 Qc7
22.Rxd8 Rxd8 23.Rd1 Rxd1 24.Qxd1 b6 25.Bd5 Kf8 26.Qf3 Ng8 27.g4 Nf6 28.g5 
Ne8 29.h4 Nd6 30.Be4 Ke7 31.Qg4 Qd7 32.Qxd7+ Kxd7 33.Kf3 Ke7 34.Bc2 Nb7 
35.Ke4 Ke6 36.f4 Nc5+ 37.Kf3 Kd6 38.Kg4 exf4 39.Kxf4 Ne6+ 40.Ke4 f6 41.
gxf6 gxf6 42.Kf3 f5 43.h5 gxh5 44.Bxf5 Ng7 45.Bc2 Ke5 46.Kg3 Nf5+ 47.Kf3 
h4 48.Bd1 h3 0-1

[Event "1994/95 Cepacol Australian Open"]
[Site "Kings Perth Hotel"]
[Date "1995.01.10"]
[Round "11"]
[White "Low, Sam"]
[Black "Byrne, Stewart"]
[Result "0-1"]
[WhiteElo "1852"]
[BlackElo "2175"]

1.e4 e5 2.Nf3 Nc6 3.Bb5 a6 4.Bxc6 dxc6 5.d4 exd4 6.Qxd4 Qxd4 7.Nxd4 Bd7 8.
Be3 O-O-O 9.Nd2 Ne7 10.O-O-O Ng6 11.f3 Re8 12.g3 c5 13.N4b3 b6 14.Rhe1 Be7
15.Bg1 h5 16.Nc4 h4 17.Ne3 hxg3 18.hxg3 Bd6 19.Bf2 Rh2 20.Rf1 Bh3 21.Bg1 
Bxf1 22.Bxh2 Be2 23.Re1 Bxf3 24.Rf1 Bxe4 25.Rxf7 Ne5 26.Rf2 Nf3 27.Nc4 Bc6
28.Nxd6+ cxd6 29.c3 Re1+ 30.Kc2 Be4# 0-1